000
00313nam a22001217a 4500
008
230704b xxu||||| |||| 00| 0 eng d
082
_2
5
_a
342.42
_b
STU 1891
245
_a
Constitutional History of England Stubbs
260
_b
Oxford University Press
_c
1891
300
_a
VIII,692p
440
_v
1
942
_2
ddc
_c
BK
999
_c
3593
_d
3593